000 00704nam0a22002411 4500
001 v19\rc\1426425
005 20260405152452.0
035 _a(NLR Aleph) 004574459
090 _a2446098
_c2446098
100 _a20060620d1848 |||y0rusy50 ca
101 0 _arus
102 _aRU
105 _ay z |||||
200 1 _aГадание о исполнении задуманного
210 _aМосква
_cизд. Д.Т.
_d1848
215 _a8 с.
702 1 _4650
_8rus
_7ca
_aТитарев
_bД. Ю.
_gДенис Ю.
_3RU\NLR\AUTH\7763556
_946485
801 0 _aRU
_bNLR
_gpsbo
801 0 _aRU
_bRuMoRGB
_2psbo
801 1 _aRU
_bProSoft-M
_2rusmarc
852 _aNLR
_j18.112.1.340
942 _cBOOK
980 _aNB